000 00651nam a2200205 a 4500
008
020 _a8178840014 (pbk.)
049 _aMAIN
090 0 0 _aQA76.7
100 1 _aBangia, Ramesh.
245 1 0 _aFundamentals of programming languages :
_bincludes C & C++, HTML, Java, Java Script and C /
_cRamesh Bangia.
260 _aDelhi :
_bCyberTech Publications,
_cc2001.
300 _a448 p. :
_bill. ;
_c24 cm.
650 0 _aProgramming languages (Electronic computers).
907 _a.b10130147
_b23-08-04
_c08-07-04
003
005 20230123133801.0
040 _cNUST
942 _cBOOKS
_kQA76.7
999 _c154558
_d154558